EU zavádí nová pravidla pro alternativní paliva
Smernica EÚ, ktorá nariaďuje členským štátom v akom minimálnom rozsahu majú zriadiť infraštruktúru pre alternatívne palivá (elektrinu, zemný plyn a vodík). Nové pravidlá sú odpoveďou na požiadavky priemyslu, investorov aj spotrebiteľov. Počet plniacich staníc LNG (skvapalnený zemný plyn) vo svete. P...
Salvato in:
| Autore principale: | |
|---|---|
| Natura: | Capitolo di libro |
| Lingua: | ceco |
| Soggetti: | |
| Tags: |
Nessun Tag, puoi essere il primo ad aggiungerne!!
|
MARC
| LEADER | 00000naa a2200000 4500 | ||
|---|---|---|---|
| 001 | 0186823 | ||
| 005 | 20231211080341.7 | ||
| 041 | 0 | |a cze | |
| 044 | |a CZ | ||
| 245 | 1 | 0 | |a EU zavádí nová pravidla pro alternativní paliva |c Radek Novotný |
| 520 | |a Smernica EÚ, ktorá nariaďuje členským štátom v akom minimálnom rozsahu majú zriadiť infraštruktúru pre alternatívne palivá (elektrinu, zemný plyn a vodík). Nové pravidlá sú odpoveďou na požiadavky priemyslu, investorov aj spotrebiteľov. Počet plniacich staníc LNG (skvapalnený zemný plyn) vo svete. Počet verejných staníc CNG (stlačený zemný plyn) v Európe, vo svete a v Českej republike. | ||
| 610 | 2 | 0 | |a palivá |
| 610 | 2 | 0 | |a plyn zemný |
| 610 | 2 | 0 | |a doprava |
| 610 | 2 | 0 | |a automobily nákladné |
| 610 | 2 | 0 | |a automobily osobné |
| 610 | 2 | 0 | |a Európska únia |
| 610 | 2 | 0 | |a smernice |
| 100 | 1 | |a Novotný, Radek | |